000 00636nam a2200217 a 4500
999 _c2028
_d2028
001 2028
003 BD-JhCC
005 20171028191607.0
008 171028s1393 bg |||| ||a| 000 0 ben d
035 _a(BD-JhCC)2028
040 _aBD-JhCC
_dBD-JhCC
041 _aben
082 _a891.4409
_bSHI 1393
245 _aসীমার মাঝে অসীম /
_cবাংলা একাডেমী
260 _aঢাকা :
_bবাংলা একাডেমী,
_c1393.
300 _a390 p. :
_c22 cm.
650 _aBengali Literature
710 _aবাংলা একাডেমী
942 _2ddc
_cBK